Selected Works of Jawaharlal Nehru: (Record no. 188395)

MARC details
000 -LEADER
fixed length control field 00607nam a22001817a 4500
005 - DATE AND TIME OF LATEST TRANSACTION
control field 20220520114826.0
010 ## - LCCN (DPL NO)
LC control number ENG-132740
020 ## - INTERNATIONAL STANDARD BOOK NUMBER
International Standard Book Number 9780199463527
Terms of availability 799.00
035 ## - SYSTEM CONTROL NUMBER
System control number EN-116272
037 ## - SOURCE OF ACQUISITION
Source of stock number/acquisition DBAD/PUB
082 ## - DEWEY DECIMAL CLASSIFICATION NUMBER
Classification number 954.0420924
245 ## - TITLE STATEMENT
Title Selected Works of Jawaharlal Nehru:
Remainder of title Volume Sixty Two (1st Auguts-31 August 1960)/
Statement of responsibility, etc Edited by Madhavan K. Palat
260 ## - PUBLICATION, DISTRIBUTION, ETC. (IMPRINT)
Place of publication, distribution, etc New Delhi
Name of publisher, distributor, etc Jawaharlal Nehru Memorial Fund
Date of publication, distribution, etc 2015
270 ## - ADDRESS
Address Teen Murti House
City New Delhi
Postal code 110011
300 ## - PHYSICAL DESCRIPTION
Extent xxi, 683p.
Dimensions 25cm(hbk)
700 ## - ADDED ENTRY--PERSONAL NAME
Personal name Palat, Madhavan
942 ## - ADDED ENTRY ELEMENTS (KOHA)
Source of classification or shelving scheme Dewey Decimal Classification
Item type English Books
Classification part 954.0420924
Call number suffix SEL

No items available.


© Delhi Public Library
Hit Counter
free hit counter